Statistiques concernant Pokémon Platine - Les baies

Cliquez ici pour prendre le quiz!

Statistiques générales

  • Ce quiz a été pris 13 fois
  • Le résultat moyen est 15 sur 52

Statistiques - réponses

HintRéponse% Correct
07Baie Oran
100%
03Baie Pêcha
83%
18Baie Nanab
75%
10Baie Sitrus
75%
06Baie Mepo
67%
01Baie Ceriz
58%
16Baie Framby
58%
02Baie Maron
58%
20Baie Nanana
58%
12Baie Wiki
58%
04Baie Fraive
50%
19Baie Repoi
50%
05Baie Willia
50%
08Baie Kika
42%
24Baie Lonme
42%
09Baie Prine
42%
47Baie Charti
33%
25Baie Résin
33%
21Baie Grena
25%
50Baie Lampou
25%
33Baie Stekpa
25%
45Baie Yapap
25%
52Baie Zalis
25%
36Baie Chocco
17%
14Baie Gowav
17%
43Baie Jouca
17%
42Baie Kébia
17%
31Baie Kiwan
17%
13Baie Mago
17%
35Baie Myrte
17%
40Baie Nanone
17%
46Baie Panga
17%
15Baie Papaya
17%
38Baie Parma
17%
37Baie Pocpoc
17%
41Baie Pomroz
17%
39Baie Ratam
17%
17Baie Remu
17%
48Baie Sédra
17%
26Baie Tamato
17%
30Baie Tronci
17%
22Baie Alga
8%
51Baie Babiri
8%
44Baie Cobaba
8%
34Baie Durin
8%
11Baie Figuy
8%
49Baie Fraigo
8%
23Baie Qualot
8%
29Baie Rabuta
8%
27Baie Siam
8%
28Baie Mangou
0%
32Baie Palma
0%

Distribution des résultats

Percentile par nombre de réponses

% des personnes avec chaque résultat

Votre développement - résultats

Vous n’avez pas pris ce quiz